000
00272nam a2200121Ia 4500
003
OSt
005
20250131094124.0
008
221129s9999 xx 000 0 und d
100
_a
Kureishi Hanif
_9
498
245
4
_a
The Last Word
650
_a
English
_9
499
942
_2
ddc
_c
BK
999
_c
34935
_d
34935